Metódy počítačom podporovanej výuky záverečná správa čiastkovej úlohy RŠ V-07/09

Saved in:
Bibliographic Details
Format: Book
Language:Slovak
Published: Bratislava VŠE 1985
Edition:1. vyd.
Tags: Add Tag
No Tags, Be the first to tag this record!

MARC

LEADER 00000nam a2200000 4500
001 c025014
005 20221220075730.9
041 0 |a slo 
044 |a SK 
245 1 0 |a Metódy počítačom podporovanej výuky  |b záverečná správa čiastkovej úlohy RŠ V-07/09 
250 |a 1. vyd. 
264 1 |a Bratislava  |b VŠE  |c 1985 
300 |a 73 s.